Statistiques concernant Départements limitrophes de l'Aisne

Cliquez ici pour prendre le quiz!

Statistiques générales

  • Ce quiz a été pris 28 fois
  • Le résultat moyen est 5 sur 6

Statistiques - réponses

Département % Correct
Oise
93%
Nord
93%
Somme
89%
Ardennes
81%
Marne
74%
Seine-et-Marne
67%

Distribution des résultats

Percentile by Number Answered

% des personnes avec chaque résultat

Votre développement - résultats

Vous n’avez pas pris ce quiz